000 00574nam a2200229 a 4500
001 0001-1163
003 ELIB.Books
008 150506 2010 eng
020 _a9781593282882
035 _a(ELIB.Books)0001-1318
092 _a248.4
_bMah
100 _aMahaney, C. J.
245 _aLiving The Cross Centred Life
260 _aNew York
_bMultnomah Books
_c2006
300 _a133
_c21
650 _aChristian Life
856 _nKBTS: Library
_uKBTS: Elib
942 _2ddc
_cBK
990 _a1
998 _cbat
_e2015-05-06
999 _c11163
_d11163